Responses for Show #2949 - Thursday, May 29, 1997

Lyn Payne game 2.

Contestants

[<< previous game]

Jeff Barlow, an attorney from Sacramento, California

Emily Scott, an independent graphic designer from Cambridge, Massachusetts

Lyn Payne, a librarian from Orlando, Florida (whose 1-day cash winnings total $13,001)

[next game >>]

Jeopardy! Round responses

SCIENCE
BAKED GOODS
SEE THE U.S.A.
ART
ODDS & ENDS
'60s TV
(Alex: All three of you look too young to remember '60s television!)
    $100 9
Ostrich

Jeff
    $100 16
Apple Pie

Lyn
    $100 25
Minneapolis

Lyn
    $100 5
China

Lyn
    $100 21
Toothpaste

Lyn
    $200 10
Gold

Jeff
    $200 18
Tarts

Lyn
    $200 17
Wisconsin

Jeff
    $200 4
The Louvre

Lyn
    $200 24
Score a goal

Emily
    $200 26
U.N.C.L.E.

Lyn
    $300 11
Isobar

Emily
    $300 27
(Emily: What is a croissant?)

English muffin

Emily
Triple Stumper
    $300 15
(Lyn: What is North Dakota?)

South Dakota

LynJeff
    $300 3
Round

Triple Stumper
    $300 20
Nigeria

Jeff
    $500 6
Jonny Quest

Lyn
    $400 12
Nevada

Jeff
    $400 28
(Jeff: What is angel food cake?)

Bundt cake

EmilyJeff
    $400 8
Nebraska

Jeff
    $400 2
(Emily: Who is Picasso?)
(Jeff: Who is Miro?)
(Lyn: Who is Matisse?)

Salvador Dali

LynEmilyJeff
Triple Stumper
    $400 22
Country Music Association

Lyn
    $400 14
(Lyn: What is McHale's Navy?)

Army

Lyn
Triple Stumper
    $500 13
Liver

Lyn
    $500 29
(Lyn: What is a coffee cake?)
(Jeff: What is a German apple cake?)
[The end-of-round signal sounds.]

German chocolate cake

LynJeff
Triple Stumper
    $500 7
Key West

Triple Stumper
    $500 1
Abstract

Emily
    $500 23
(Alex: And we have a minute to go.)

Bamboo

Emily
    $500 19
(Jeff: What is The Carol Burnett Show?)

"The Ed Sullivan Show" (old "Toast Of The Town")

Jeff
Triple Stumper

Scores at the first commercial break (after clue 14):

Lyn Emily Jeff
$500 $400 $700

Scores at the end of the Jeopardy! Round:

Lyn Emily Jeff
$800 $1,200 $100

Double Jeopardy! Round responses

19th CENTURY AMERICA
THE OSCARS
RUMINANTS
WORLD GEOGRAPHY
BUSINESS BENCHMARKS
JOHN GREENLEAF WHITTIER
    $200 20
Baltimore & Ohio

Lyn
    $200 1
George Lucas

Emily
    $200 8
Africa

Lyn
    $200 27
Tan

Emily
    $400 21
Austin

Emily
    $400 2
Tommy Lee Jones

Jeff
    $400 15
France

Lyn
    $400 18
(Emily: What is Syria?)

Israel

EmilyJeff
    $400 28
[The end-of-round signal sounds.]

Honda

Lyn
    $500 26
"Uncle Tom's Cabin"

Lyn
    $600 9
John Sutter

Lyn
    $600 3
"Apollo 13"

Lyn
    $600 12
Goat

Emily
    $1,500 6
Faroe Islands & Greenland

Lyn
    $600 22
(Lyn: What is Armour?)

Hormel

LynEmily
    $600 16
The Mexican War

Lyn
    $800 10
John C. Fremont

Lyn
    $800 4
John Huston

Lyn
    $800 13
Alpaca

Emily
    $800 7
Thames

Jeff
    $800 23
BankAmerica (Bank of America)

Triple Stumper
    $800 17
Frédéric Bartholdi

Jeff
    $1000 11
Thomas Jefferson

Lyn
    $1000 5
"Z"

Lyn
    $1000 14
(Jeff: What is the elk?)
(Emily: What is the caribou?)

Moose

EmilyJeff
Triple Stumper
    $1000 19
Gander

Jeff
    $1000 24
(Alex: We have less than a minute to go.)

Department of Commerce

Emily
    $1000 25
Oliver Wendell Holmes

Lyn

Scores at the end of the Double Jeopardy! Round:

Lyn Emily Jeff
$9,800 $3,600 $2,500
(lock game)

[wagering suggestions for these scores]

Final Jeopardy! Round responses

SHAKESPEARE'S WOMEN
JeffWho is Desdemona (Hi Caitlin!)
$2,500
EmilyWho is Desdemona?
$600
LynWho is Desdemona
$1,000
Desdemona (from "Othello")

Final scores:

Lyn Emily Jeff
$10,800 $4,200 $5,000
2-day champion: $23,801 3rd place: Pinseeker Golf Clubs 2nd place: Trip to Friends International Resorts, Jamaica

Game dynamics:

Coryat scores:

Lyn Emily Jeff
$8,600 $3,600 $2,500
24 R
(including 3 DDs),
5 W
12 R,
4 W
12 R,
5 W

Combined Coryat: $14,700

[game clues] [game scores] [suggest correction]

Game tape date: 1997-01-15
The J! Archive is created by fans, for fans. Scraping, republication, monetization, and malicious use prohibited; this site may use cookies and collect identifying information. See terms. The Jeopardy! game show and all elements thereof, including but not limited to copyright and trademark thereto, are the property of Jeopardy Productions, Inc. and are protected under law. This website is not affiliated with, sponsored by, or operated by Jeopardy Productions, Inc. Join the discussion at JBoard.tv.